<?xml version="1.0" encoding="UTF-8"?>
<collection xmlns="http://www.loc.gov/MARC21/slim">
 <record>
  <leader>01120nam a22002777a 4500</leader>
  <controlfield tag="001">30367</controlfield>
  <controlfield tag="003">BD-DhAAL</controlfield>
  <controlfield tag="005">20241029145236.0</controlfield>
  <controlfield tag="008">150906s2007    bg a|||| b||| 00| 0 eng d</controlfield>
  <datafield tag="040" ind1=" " ind2=" ">
   <subfield code="a">BD-DhAAL</subfield>
   <subfield code="c">BD-DhAAL</subfield>
  </datafield>
  <datafield tag="082" ind1=" " ind2=" ">
   <subfield code="2">22</subfield>
   <subfield code="a">307.1412095492</subfield>
  </datafield>
  <datafield tag="100" ind1=" " ind2=" ">
   <subfield code="a">Hossain, Naomi</subfield>
   <subfield code="9">15967</subfield>
  </datafield>
  <datafield tag="245" ind1=" " ind2=" ">
   <subfield code="a">Politics and governance in the social sector in Bangladesh,</subfield>
   <subfield code="f">1991-2006 /</subfield>
   <subfield code="c">Naomi Hossain.</subfield>
  </datafield>
  <datafield tag="260" ind1=" " ind2=" ">
   <subfield code="a">Dhaka :</subfield>
   <subfield code="b">Research and Evaluation Division, BRAC,</subfield>
   <subfield code="c">2007.</subfield>
  </datafield>
  <datafield tag="300" ind1=" " ind2=" ">
   <subfield code="a">v, 55 pages :</subfield>
   <subfield code="b">illustrations ;</subfield>
   <subfield code="c">25 cm</subfield>
  </datafield>
  <datafield tag="490" ind1=" " ind2=" ">
   <subfield code="a">Research monograph series ;</subfield>
   <subfield code="v">34</subfield>
  </datafield>
  <datafield tag="541" ind1=" " ind2=" ">
   <subfield code="e">30367</subfield>
  </datafield>
  <datafield tag="610" ind1=" " ind2=" ">
   <subfield code="a">BRAC</subfield>
   <subfield code="9">14405</subfield>
  </datafield>
  <datafield tag="650" ind1=" " ind2=" ">
   <subfield code="a">Rural development</subfield>
   <subfield code="z">Bangladesh</subfield>
   <subfield code="9">14406</subfield>
  </datafield>
  <datafield tag="700" ind1=" " ind2=" ">
   <subfield code="a">Osman, Ferdous.</subfield>
   <subfield code="9">1390</subfield>
  </datafield>
  <datafield tag="710" ind1=" " ind2=" ">
   <subfield code="a">BRAC</subfield>
   <subfield code="9">14405</subfield>
  </datafield>
  <datafield tag="830" ind1=" " ind2=" ">
   <subfield code="a">Research monograph series ;</subfield>
   <subfield code="v">34</subfield>
  </datafield>
  <datafield tag="852" ind1=" " ind2=" ">
   <subfield code="a">Ayesha Abed Library</subfield>
   <subfield code="c">BRAC Resource Section</subfield>
  </datafield>
  <datafield tag="942" ind1=" " ind2=" ">
   <subfield code="2">ddc</subfield>
   <subfield code="c">BK</subfield>
  </datafield>
  <datafield tag="999" ind1=" " ind2=" ">
   <subfield code="c">36052</subfield>
   <subfield code="d">36052</subfield>
  </datafield>
  <datafield tag="952" ind1=" " ind2=" ">
   <subfield code="0">0</subfield>
   <subfield code="1">0</subfield>
   <subfield code="2">ddc</subfield>
   <subfield code="4">0</subfield>
   <subfield code="6">307_141209549200000_HOS</subfield>
   <subfield code="7">1</subfield>
   <subfield code="9">56655</subfield>
   <subfield code="a">BRACUL</subfield>
   <subfield code="b">BRACUL</subfield>
   <subfield code="c">BRS</subfield>
   <subfield code="d">2015-11-08</subfield>
   <subfield code="e">Complimentary copy from BRAC</subfield>
   <subfield code="l">0</subfield>
   <subfield code="o">307.1412095492 HOS</subfield>
   <subfield code="p">3010030367</subfield>
   <subfield code="r">2015-11-08</subfield>
   <subfield code="t">1</subfield>
   <subfield code="w">2015-11-08</subfield>
   <subfield code="y">BK</subfield>
   <subfield code="x">Complimentary copy from BRAC ; price not available in register</subfield>
  </datafield>
 </record>
</collection>
